000 00288nam a22001337a 4500
003 SGT
082 _a346.022,BAR
100 _aBARE, ACT
245 _aTHE INDIAN CONTRACT ACT 1872
260 _aNEW DELHI
_bUNIVERSAL
_c2002
300 _a59
650 _aINDIAN CONTRACT
942 _2ddc
_cBK
999 _c11112
_d11112